| 000 | 00523cam a22002171 4500 | ||
|---|---|---|---|
| 001 | sa 68009092 | ||
| 003 | DLC | ||
| 005 | 20260227112540.0 | ||
| 008 | 881102s1967 xx 000 0 urdo | ||
| 010 | _asa 68009092 | ||
| 035 | _a(OCoLC)23540495 | ||
| 040 |
_aDLC _cMiU _dDLC |
||
| 042 | _apremarc | ||
| 050 | 0 | 0 |
_aPK1971 _b.J3 |
| 100 | 1 | _aJān, Ṣaghīr Aḥmad. | |
| 245 | 1 | 0 | _aTanvīr-i adab. |
| 260 | _c1967. | ||
| 300 |
_a318 p. _bports. _c18 cm. |
||
| 500 | _aRomanized. | ||
| 650 | 0 |
_aUrdu philology _xHistory. |
|
| 999 |
_c82710 _d82710 |
||